Czech Republic at the Winter Olympics - Statistics

General Stats
  • This quiz has been taken 45 times
  • The average score is 27 of 83
Answer Stats
Medal Games Sport Name % Correct
Gold Nagano 1998 Ice hockey - Men's competition Jaromír Jágr
95%
Bronze Turin 2006 Ice hockey - Men's competition Jaromír Jágr
95%
Gold Nagano 1998 Ice hockey - Men's competition Dominik Hašek
78%
Bronze Turin 2006 Ice hockey - Men's competition Dominik Hašek
78%
Gold Pyeongchang 2018 Alpine skiing - Women's super-G Ester Ledecká
73%
Gold Pyeongchang 2018 Snowboarding - Women's parallel giant slalom Ester Ledecká
73%
Gold Vancouver 2010 Speed skating - Women's 3000 m Martina Sáblíková
70%
Gold Vancouver 2010 Speed skating - Women's 5000 m Martina Sáblíková
70%
Gold Sochi 2014 Speed skating - Women's 5000 m Martina Sáblíková
70%
Silver Sochi 2014 Speed skating - Women's 3000 m Martina Sáblíková
70%
Silver Pyeongchang 2018 Speed skating - Women's 5000 m Martina Sáblíková
70%
Bronze Vancouver 2010 Speed skating - Women's 1500 m Martina Sáblíková
70%
Silver Sochi 2014 Biathlon - Women's mass start Gabriela Soukalová
59%
Silver Sochi 2014 Biathlon - Mixed relay Gabriela Soukalová
59%
Gold Sochi 2014 Snowboarding - Women's snowboard cross Eva Samková
51%
Bronze Pyeongchang 2018 Snowboarding - Women's snowboard cross Eva Samková
51%
Gold Turin 2006 Cross-country skiing - Women's 30 km Kateřina Neumannová
51%
Silver Nagano 1998 Cross-country skiing - Women's 5 km Kateřina Neumannová
51%
Silver Salt Lake City 2002 Cross-country skiing - Women's 15 km Kateřina Neumannová
51%
Silver Salt Lake City 2002 Cross-country skiing - Women's pursuit Kateřina Neumannová
51%
Silver Turin 2006 Cross-country skiing - Women's pursuit Kateřina Neumannová
51%
Bronze Nagano 1998 Cross-country skiing - Women's pursuit Kateřina Neumannová
51%
Gold Salt Lake City 2002 Freestyle skiing - Men's aerials Aleš Valenta
49%
Silver Pyeongchang 2018 Biathlon - Men's sprint Michal Krčmář
43%
Silver Sochi 2014 Biathlon - Mixed relay Veronika Vítková
43%
Bronze Pyeongchang 2018 Biathlon - Women's sprint Veronika Vítková
43%
Silver Sochi 2014 Biathlon - Men's pursuit Ondřej Moravec
38%
Silver Sochi 2014 Biathlon - Mixed relay Ondřej Moravec
38%
Bronze Sochi 2014 Biathlon - Men's mass start Ondřej Moravec
38%
Gold Nagano 1998 Ice hockey - Men's competition Martin Straka
35%
Bronze Turin 2006 Ice hockey - Men's competition Martin Straka
35%
Gold Nagano 1998 Ice hockey - Men's competition Jiří Šlégr
32%
Gold Nagano 1998 Ice hockey - Men's competition Milan Hejduk
32%
Bronze Turin 2006 Ice hockey - Men's competition Milan Hejduk
32%
Gold Nagano 1998 Ice hockey - Men's competition Robert Reichel
32%
Bronze Vancouver 2010 Alpine skiing - Women's slalom Šárka Záhrobská
32%
Gold Nagano 1998 Ice hockey - Men's competition Vladimír Růžička
32%
Bronze Pyeongchang 2018 Speed skating - Women's 500 m Karolína Erbanová
30%
Silver Turin 2006 Cross-country skiing - Men's 15 km Lukáš Bauer
30%
Bronze Vancouver 2010 Cross-country skiing - Men's 15 km freestyle Lukáš Bauer
30%
Bronze Vancouver 2010 Cross-country skiing - Men's 4 x 10 km relay Lukáš Bauer
30%
Gold Nagano 1998 Ice hockey - Men's competition Pavel Patera
30%
Gold Nagano 1998 Ice hockey - Men's competition Petr Svoboda
30%
Gold Nagano 1998 Ice hockey - Men's competition Robert Lang
30%
Bronze Turin 2006 Ice hockey - Men's competition Robert Lang
30%
Silver Sochi 2014 Biathlon - Mixed relay Jaroslav Soukup
27%
Bronze Sochi 2014 Biathlon - Men's sprint Jaroslav Soukup
27%
Gold Nagano 1998 Ice hockey - Men's competition Martin Ručinský
27%
Bronze Turin 2006 Ice hockey - Men's competition Martin Ručinský
27%
Gold Nagano 1998 Ice hockey - Men's competition Milan Hnilička
27%
Bronze Turin 2006 Ice hockey - Men's competition Milan Hnilička
27%
Gold Nagano 1998 Ice hockey - Men's competition Jaroslav Špaček
24%
Bronze Turin 2006 Ice hockey - Men's competition Jaroslav Špaček
24%
Gold Nagano 1998 Ice hockey - Men's competition Jiří Dopita
24%
Bronze Turin 2006 Ice hockey - Men's competition Patrik Eliáš
22%
Gold Nagano 1998 Ice hockey - Men's competition Roman Čechmánek
22%
Gold Nagano 1998 Ice hockey - Men's competition Martin Procházka
19%
Bronze Turin 2006 Ice hockey - Men's competition Tomáš Vokoun
19%
Gold Nagano 1998 Ice hockey - Men's competition David Moravec
16%
Gold Nagano 1998 Ice hockey - Men's competition Richard Šmehlík
16%
Gold Nagano 1998 Ice hockey - Men's competition Roman Hamrlík
16%
Gold Nagano 1998 Ice hockey - Men's competition Josef Beránek
14%
Bronze Turin 2006 Ice hockey - Men's competition Tomáš Kaberle
14%
Bronze Turin 2006 Ice hockey - Men's competition František Kaberle
11%
Gold Nagano 1998 Ice hockey - Men's competition Jan Čaloun
11%
Bronze Turin 2006 Ice hockey - Men's competition Václav Prospal
11%
Bronze Turin 2006 Ice hockey - Men's competition David Výborný
8%
Gold Nagano 1998 Ice hockey - Men's competition František Kučera
8%
Bronze Turin 2006 Ice hockey - Men's competition Martin Erat
8%
Gold Nagano 1998 Ice hockey - Men's competition Libor Procházka
5%
Bronze Turin 2006 Ice hockey - Men's competition Pavel Kubina
5%
Bronze Turin 2006 Ice hockey - Men's competition Petr Čajánek
5%
Bronze Turin 2006 Ice hockey - Men's competition Filip Kuba
3%
Bronze Vancouver 2010 Cross-country skiing - Men's 4 x 10 km relay Jiří Magál
3%
Bronze Turin 2006 Ice hockey - Men's competition Marek Malík
3%
Bronze Turin 2006 Ice hockey - Men's competition Marek Židlický
3%
Bronze Vancouver 2010 Cross-country skiing - Men's 4 x 10 km relay Martin Koukal
3%
Bronze Turin 2006 Ice hockey - Men's competition Rostislav Olesz
3%
Bronze Turin 2006 Ice hockey - Men's competition Aleš Hemský
0%
Bronze Turin 2006 Ice hockey - Men's competition Aleš Kotalík
0%
Bronze Turin 2006 Ice hockey - Men's competition Dušan Salfický
0%
Bronze Turin 2006 Ice hockey - Men's competition Jan Bulis
0%
Bronze Vancouver 2010 Cross-country skiing - Men's 4 x 10 km relay Martin Jakš
0%
No matching quizzes found
Score Distribution
Percent of People with Each Score
Percentile by Number Answered
Your Score History
You have not taken this quiz